<?xml version="1.0" encoding="UTF-8"?>
<record
    xmlns:xsi="http://www.w3.org/2001/XMLSchema-instance"
    xsi:schemaLocation="http://www.loc.gov/MARC21/slim http://www.loc.gov/standards/marcxml/schema/MARC21slim.xsd"
    xmlns="http://www.loc.gov/MARC21/slim">

  <leader>01660nam a22002897a 4500</leader>
  <datafield tag="999" ind1=" " ind2=" ">
    <subfield code="c">21899</subfield>
    <subfield code="d">21899</subfield>
  </datafield>
  <controlfield tag="003">AR-CdUCM</controlfield>
  <controlfield tag="008">190425b           ||||| |||| 00| 0 spa d</controlfield>
  <datafield tag="040" ind1=" " ind2=" ">
    <subfield code="a">MUNICIPALIDAD PROVINCIAL DEL CUSCO</subfield>
    <subfield code="c">BIBLIOTECA MUNICIPAL DEL CUSCO</subfield>
  </datafield>
  <datafield tag="082" ind1=" " ind2=" ">
    <subfield code="a">Bol.CCC/N&#xB0;5/1902</subfield>
  </datafield>
  <datafield tag="110" ind1=" " ind2=" ">
    <subfield code="a">Centro Cient&#xED;fico del Cuzco </subfield>
    <subfield code="9">46729</subfield>
  </datafield>
  <datafield tag="245" ind1=" " ind2=" ">
    <subfield code="a">Bolet&#xED;n del Centro Cient&#xED;fico del Cuzco /</subfield>
    <subfield code="c">Centro Cient&#xED;fico del Cuzco</subfield>
  </datafield>
  <datafield tag="260" ind1=" " ind2=" ">
    <subfield code="a">Cusco :</subfield>
    <subfield code="b">[sn],</subfield>
    <subfield code="c">1902.</subfield>
  </datafield>
  <datafield tag="300" ind1=" " ind2=" ">
    <subfield code="a">61 p&#xE1;ginas. :</subfield>
    <subfield code="c">20 cm.</subfield>
  </datafield>
  <datafield tag="440" ind1=" " ind2=" ">
    <subfield code="a">Bolet&#xED;n del Centro Cient&#xED;fico del Cuzco.</subfield>
    <subfield code="n">A&#xF1;o V, Noviembre de 1902, N&#xB0;5.</subfield>
    <subfield code="9">46730</subfield>
  </datafield>
  <datafield tag="505" ind1=" " ind2=" ">
    <subfield code="a">Contenido: Compa&#xF1;&#xED;a de Guarnici&#xF3;n de las monta&#xF1;as del Cuzco. -- El volc&#xE1;n Ubinas, la lava.-- La industria del petr&#xF3;leo en el Per&#xFA; en 1901. -- Trabajadores y jornales. -- Independencia del Cuzco. --Cercado del Cuzco. -- Partido de Abancay. -- Partido de Aimaraes. -- Partido de Calca y Lares. -- Partido de Urubamba. -- Partido de Cotabambas. -- Partido de Chilques y Masques o Paruro. -- Partido de Chumbivilcas. -- Partido de Canas y Canchis o Tinta. -- Partido de Quispicanchis. -- Partido de Paucartambo. -- El eucalipto y su hu&#xE9;sped. --El alcoholismo.  -- Informe sobre la trocha a Sihuaniro. -- I. metrado general. -- Informaciones sobre el trayecto hasta Sihuaniro. Luis M. Robledo.</subfield>
  </datafield>
  <datafield tag="650" ind1=" " ind2=" ">
    <subfield code="a">Intendencia del Cusco</subfield>
    <subfield code="9">3258</subfield>
  </datafield>
  <datafield tag="650" ind1=" " ind2=" ">
    <subfield code="a">Industria</subfield>
    <subfield code="9">46731</subfield>
  </datafield>
  <datafield tag="650" ind1=" " ind2=" ">
    <subfield code="a">Alcoholismo</subfield>
    <subfield code="9">22499</subfield>
  </datafield>
  <datafield tag="650" ind1=" " ind2=" ">
    <subfield code="a">Eucalipto</subfield>
    <subfield code="9">46732</subfield>
  </datafield>
  <datafield tag="700" ind1=" " ind2=" ">
    <subfield code="a">Lorena, Antonio</subfield>
    <subfield code="9">45873</subfield>
  </datafield>
  <datafield tag="700" ind1=" " ind2=" ">
    <subfield code="a">Haenke, Tadeo</subfield>
    <subfield code="9">46733</subfield>
  </datafield>
  <datafield tag="700" ind1=" " ind2=" ">
    <subfield code="a">Cuba, Diomedes</subfield>
    <subfield code="9">46734</subfield>
  </datafield>
  <datafield tag="700" ind1=" " ind2=" ">
    <subfield code="a">Robledo, Luis</subfield>
    <subfield code="9">46735</subfield>
  </datafield>
  <datafield tag="700" ind1=" " ind2=" ">
    <subfield code="a">Lostaunau, Carlos</subfield>
    <subfield code="9">46736</subfield>
  </datafield>
  <datafield tag="942" ind1=" " ind2=" ">
    <subfield code="2">ddc</subfield>
    <subfield code="c">PP</subfield>
  </datafield>
  <datafield tag="945" ind1=" " ind2=" ">
    <subfield code="a">rac</subfield>
  </datafield>
  <datafield tag="952" ind1=" " ind2=" ">
    <subfield code="0">0</subfield>
    <subfield code="2">ddc</subfield>
    <subfield code="4">0</subfield>
    <subfield code="7">0</subfield>
    <subfield code="a">HEM</subfield>
    <subfield code="b">HEM</subfield>
    <subfield code="c">CART</subfield>
    <subfield code="d">2021-09-27</subfield>
    <subfield code="g">10.00</subfield>
    <subfield code="o">Bol.CCC/N&#xB0;5/1902</subfield>
    <subfield code="p">BOL0000303</subfield>
    <subfield code="r">2021-09-27</subfield>
    <subfield code="y">PP</subfield>
  </datafield>
</record>
